Dedenie zo zákona

Salvato in:
Dettagli Bibliografici
Autore principale: Ferancová, Dominika (Autore)
Altri autori: Nemcová, Petra (Relatore della tesi)
Natura: Manoscritto Libro
Lingua:slovacco
Pubblicazione: 2015
Soggetti:
Accesso online:http://is.stuba.sk/zp/portal_zp.pl?podrobnosti=98627
https://opac.crzp.sk/?fn=detailBiblioForm&sid=FF44C990A7CA883E4E895C929FD7
Tags: Aggiungi Tag
Nessun Tag, puoi essere il primo ad aggiungerne!!

MARC

LEADER 00000ntm a22000003a 4500
001 stuzp51104
003 SK-STU
005 20230810102106.7
007 ta
008 150427s2015----xo-----f-mn---000-0-slo-d
040 |a STU  |b slo 
041 0 |a slo 
100 1 |a Ferancová, Dominika  |u 010140  |4 aut  |U SvF Stavebná fakulta  |T SvF Katedra geodézie  |X 74293  |U V140  |Y 14  |7 74293 
242 0 1 |a statutory succession  |y eng 
245 1 0 |a Dedenie zo zákona 
260 |c 2015 
650 4 |a dedenie  |2 slo 
650 4 |a dedenie zo zákona  |2 slo 
650 4 |a dedenie zo závetu  |2 slo 
650 4 |a dedičské právo  |2 slo 
650 4 |a dedič  |2 slo 
650 4 |a dedičské konanie  |2 slo 
650 4 |a poručiteľ  |2 slo 
650 4 |a vydedenie  |2 slo 
650 4 |a závet  |2 slo 
650 4 |a inheritance  |2 eng 
650 4 |a succession  |2 eng 
650 4 |a wills  |2 eng 
650 4 |a probate law  |2 eng 
650 4 |a the heir  |2 eng 
650 4 |a the testator  |2 eng 
650 4 |a will  |2 eng 
650 4 |a succession  |2 eng 
650 4 |a disinheritance  |2 eng 
700 1 |a Nemcová, Petra  |4 ths  |X 28362  |7 A000028362 
856 4 |u http://is.stuba.sk/zp/portal_zp.pl?podrobnosti=98627 
856 4 |u https://opac.crzp.sk/?fn=detailBiblioForm&sid=FF44C990A7CA883E4E895C929FD7 
SQL |a stuzp51104  |b DBP  |c SLO  |d Dedenie zo zákona  |e 74293  |f Ferancová, Dominika  |g 010140  |h 28362  |i Nemcová, Petra  |j 20150910  |k 358  |l 01  |m http://is.stuba.sk/zp/portal_zp.pl?podrobnosti=98627  |n B-GAK  |o 5.1.3. geodézia a kartografia